| 000 | 00408 a2200145 4500 | ||
|---|---|---|---|
| 005 | 20260227145421.0 | ||
| 008 | 251229b |||||||| |||| 00| 0 eng d | ||
| 080 |
_a89S-1.09=M _bSIV/N |
||
| 100 | _aSivanandasaraswathi, Swami | ||
| 245 | _aNeethisaram(നീതിസാരം) | ||
| 260 |
_bFamous books. _c2021. _aThiruvananthapuram. |
||
| 300 | _a224p. | ||
| 653 | _aStudy-Poetry-Sanskrit | ||
| 942 | _cOO | ||
| 999 |
_c114335 _d114334 |
||